El acoso moral en la relacin̤ de trabajo

Se analiza el tema del "mobbing" o acoso moral, que es la conducta hostil a travš de tratos abusivos o humillantes hacia los trabajadores, de manera sistemt̀ica y continuada. Se desarrolla los motivos y clases de acoso moral

Bibliographic Details
Main Author: Blancas Bustamante, Carlos
Format: Unknown
Language:Spanish
Published: Lima, Per ︢: Palestra Editores, 2007
Subjects:
Online Access:Acceso restringido

MARC

LEADER 00000ny a22000003n 4500
005 20080924150945.0
008 100324s2007 pe b 000 0 spa
010 |a 2008445667 
020 |a 9789972224645 
035 |a 4870 
040 |a DLC  |c DLC  |d vLex 
090 |c 64  |d 64 
100 1 |a Blancas Bustamante, Carlos 
245 1 3 |a El acoso moral en la relacin̤ de trabajo  |h [Recurso electrn̤ico]  |c Carlos Blancas Bustamante 
256 |a Servicio en ln̕ea 
260 |a Lima, Per ︢:  |b Palestra Editores,  |c 2007 
506 1 |a Contenido solo disponible en los productos indicados  |d vLex Global  |d vLex Global (Academic Edition, excluding Law Schools)  |d vLex Global (U.S. Academic Edition, Law Schools)  |d vLex Global (U.S. Academic Edition, excluding Law Schools)  |d vLex Global (Academic Edition, Law Schools) 
520 |a Se analiza el tema del "mobbing" o acoso moral, que es la conducta hostil a travš de tratos abusivos o humillantes hacia los trabajadores, de manera sistemt̀ica y continuada. Se desarrolla los motivos y clases de acoso moral 
650 0 4 |a Acoso en el lugar de trabajo  |x Publicaciones perid̤icas 
650 0 4 |a Trabajo  |x Aspecto psicolg̤ico  
740 0 |a vLex Libros (Servicios en ln̕ea) 
856 4 0 |u http://vlex.com/source/4870  |z Acceso restringido 
942 |c BOOK 
999 0 |a Bullying in the workplace  |z Peru. 
999 0 |a Harassment  |z Peru.